ბათუმის შოთა რუსთაველის სახელმწიფო უნივერსიტეტის ბიბლიოთეკა

David Kakabadzé : biomorphic abstraction / (ბიბ.ჩანაწერი № 60000)

000 -LEADER
fixed length control field 01081nam a22001937a 4500
005 - DATE AND TIME OF LATEST TRANSACTION
control field 20230530102448.0
008 - FIXED-LENGTH DATA ELEMENTS--GENERAL INFORMATION
fixed length control field 230530s2018en xxu||||| |||| 00| 0 eng d
020 ## - INTERNATIONAL STANDARD BOOK NUMBER
International Standard Book Number 9788378931621
041 ## - LANGUAGE CODE
Language code of text/sound track or separate title eng
080 ## - UNIVERSAL DECIMAL CLASSIFICATION NUMBER
Universal Decimal Classification number 75.071.1(479.22)(კაკაბაძე, დ.)(084.1) K-46
100 ## - MAIN ENTRY--PERSONAL NAME
Personal name Kintsurashvili, Ketevan, ტექსტის ავტორი.
9 (RLIN) 18283
245 ## - TITLE STATEMENT
Title David Kakabadzé : biomorphic abstraction /
Statement of responsibility, etc. Ketevan Kintsurashvili & David Janiashvili ; photo-reproductions Mirian Kiladze.
264 ## - PRODUCTION, PUBLICATION, DISTRIBUTION, MANUFACTURE, AND COPYRIGHT NOTICE
Name of producer, publisher, distributor, manufacturer Wojnowice :KEW,
Date of production, publication, distribution, manufacture, or copyright notice 2018.
300 ## - PHYSICAL DESCRIPTION
Extent 41, [3] p.
Other physical details ill. ;
Dimensions 21 cm
653 ## - INDEX TERM--UNCONTROLLED
keyword კაკაბაძე, დავით, 1889-1952 -- ილუსტრაციების ალბომები. ქართული მხატვრობა -- ილუსტრაციების ალბომები. ქართველი მხატვრები.
700 ## - ADDED ENTRY--PERSONAL NAME
Personal name Janiashvili, David
Relator term დიზაინერი.
9 (RLIN) 18284
700 ## - ADDED ENTRY--PERSONAL NAME
Personal name Kiladze, Mirian
Relator term ფოტო-რეპროდუქციები.
9 (RLIN) 18285
942 ## - ADDED ENTRY ELEMENTS (KOHA)
Source of classification or shelving scheme
Koha item type წიგნი
ეგზემპლარები
Withdrawn status Lost status Source of classification or shelving scheme Damaged status Not for loan Permanent Location Current Location Shelving location Date acquired Cost, normal purchase price Full call number Barcode Date last seen Copy number Price effective from Koha item type Public note
          ბათუმის შოთა რუსთაველის სახელმწიფო უნივერსიტეტის მთავარი ბიბლიოთეკა ბათუმის შოთა რუსთაველის სახელმწიფო უნივერსიტეტის მთავარი ბიბლიოთეკა წიგნსაცავი 2023-05-30 7.00 75.071.1(479.22)(კაკაბაძე, დ.)(084.1) K-46 29489 2023-05-30 29489 2023-05-30 წიგნი 7₾. 43თ.
          ბათუმის შოთა რუსთაველის სახელმწიფო უნივერსიტეტის მთავარი ბიბლიოთეკა ბათუმის შოთა რუსთაველის სახელმწიფო უნივერსიტეტის მთავარი ბიბლიოთეკა წიგნსაცავი 2023-05-30 7.00 75.071.1(479.22)(კაკაბაძე, დ.)(084.1) K-46 29490 2023-05-30 29490 2023-05-30 წიგნი 7ლ.43თ.
          ბათუმის შოთა რუსთაველის სახელმწიფო უნივერსიტეტის მთავარი ბიბლიოთეკა ბათუმის შოთა რუსთაველის სახელმწიფო უნივერსიტეტის მთავარი ბიბლიოთეკა წიგნსაცავი 2023-05-30 7.00 75.071.1(479.22)(კაკაბაძე, დ.)(084.1) K-46 29491 2023-05-30 29491 2023-05-30 წიგნი 7ლ.43თ.